Nintendo Consoles by Launch Titles - Statistics

General Stats
  • This quiz has been taken 88 times
  • The average score is 11 of 13
Answer Stats
Hint Answer % Correct
Nintendogs + Cats, Super Street Fighter IV: 3D Edition, Madden NFL Football 3DS
90%
Assassin's Creed III, Nintendo Land, Wipeout 3 Wii U
90%
Pilotwings ##, Super Mario ##, Turok: Dinosaur Hunter Nintendo 64
86%
Pinball, Ice Climber, 10-Yard Flight Nintendo Entertainment System
86%
F-Zero, SimCity, Super Mario World Super Nintendo Entertainment System
86%
Call of Duty 3, Open Season, Tony Hawk's Downhill Jam Wii
85%
Alleyway, Super Mario Land, Yakuman GameBoy
82%
Batman: Vengeance, Super Monkey Ball, Crazy Taxi GameCube
82%
Shovel Knight: Specter of Torment, The Binding of Isaac: Afterbirth+, Othello Switch
80%
Super Mario ## __, Spider-Man 2, Pokémon Dash DS
78%
Tony Hawk's Pro Skater 2, Earthworm Jim, Namco Museum GameBoy Advance
72%
Frogger, Tetris DX, Centipede GameBoy Color
71%
Mario's Tennis, Galactic Pinball, Teleroboxer Virtual Boy
63%
No matching quizzes found
Score Distribution
Percent of People with Each Score
Percentile by Number Answered
Your Score History
You have not taken this quiz